MARC details
| 000 -LEADER |
| fixed length control field |
01079nam a2200361 a 4500 |
| 001 - CONTROL NUMBER |
| control field |
200452295 |
| 003 - CONTROL NUMBER IDENTIFIER |
| control field |
TR-AnTOB |
| 005 - DATE AND TIME OF LATEST TRANSACTION |
| control field |
20230227162110.0 |
| 007 - PHYSICAL DESCRIPTION FIXED FIELD--GENERAL INFORMATION |
| fixed length control field |
ta |
| 008 - FIXED-LENGTH DATA ELEMENTS--GENERAL INFORMATION |
| fixed length control field |
040920s1997 tu a b 000 0 tur |
| 020 ## - INTERNATIONAL STANDARD BOOK NUMBER |
| International Standard Book Number |
9757152225 |
| 035 ## - SYSTEM CONTROL NUMBER |
| System control number |
(TR-AnTOB)200452295 |
| 040 ## - CATALOGING SOURCE |
| Original cataloging agency |
ITU |
| Language of cataloging |
eng |
| Description conventions |
rda |
| Transcribing agency |
ITU |
| Modifying agency |
TR-AnTOB |
| 041 0# - LANGUAGE CODE |
| Language code of text/sound track or separate title |
Türkçe |
| 050 00 - LIBRARY OF CONGRESS CALL NUMBER |
| Classification number |
HD58.7 |
| Item number |
.A48 1997 |
| 090 ## - LOCALLY ASSIGNED LC-TYPE CALL NUMBER (OCLC); LOCAL CALL NUMBER (RLIN) |
| Classification number (OCLC) (R) ; Classification number, CALL (RLIN) (NR) |
HD58.7 |
| Local cutter number (OCLC) ; Book number/undivided call number, CALL (RLIN) |
.A48 1997 |
| 100 1# - MAIN ENTRY--PERSONAL NAME |
| Personal name |
Aktan, Coşkun Can, |
| Dates associated with a name |
1963- |
| Relator term |
author |
| 9 (RLIN) |
26742 |
| 245 10 - TITLE STATEMENT |
| Title |
Değişim ve yeni global yönetim / |
| Statement of responsibility, etc. |
Prof. Dr. Coşkun Can Aktan. |
| 264 #1 - PRODUCTION, PUBLICATION, DISTRIBUTION, MANUFACTURE, AND COPYRIGHT NOTICE |
| Place of production, publication, distribution, manufacture |
İstanbul : |
| Name of producer, publisher, distributor, manufacturer |
MESS, |
| Date of production, publication, distribution, manufacture, or copyright notice |
1997. |
| 300 ## - PHYSICAL DESCRIPTION |
| Extent |
330 pages : |
| Other physical details |
tables, charts ; |
| Dimensions |
30 cm |
| 336 ## - CONTENT TYPE |
| Content type term |
text |
| Content type code |
txt |
| Source |
rdacontent |
| 337 ## - MEDIA TYPE |
| Media type term |
unmediated |
| Media type code |
n |
| Source |
rdamedia |
| 338 ## - CARRIER TYPE |
| Carrier type term |
volume |
| Carrier type code |
nc |
| Source |
rdacarrier |
| 490 ## - SERIES STATEMENT |
| Series statement |
MESS ; |
| Volume/sequential designation |
yayın no 257 |
| 504 ## - BIBLIOGRAPHY, ETC. NOTE |
| Bibliography, etc. note |
Includes bibliographical references. |
| 650 #7 - SUBJECT ADDED ENTRY--TOPICAL TERM |
| Topical term or geographic name entry element |
Örgütsel davranış |
| Source of heading or term |
etuturkob |
| 9 (RLIN) |
6539 |
|
| Topical term or geographic name entry element |
Örgütsel değişim |
| Source of heading or term |
etuturkob |
| 9 (RLIN) |
18788 |
|
| Topical term or geographic name entry element |
Yönetim |
| Source of heading or term |
etuturkob |
| 9 (RLIN) |
55081 |
| 710 2# - ADDED ENTRY--CORPORATE NAME |
| Corporate name or jurisdiction name as entry element |
MESS (Union) |
| 9 (RLIN) |
74747 |
| 942 ## - ADDED ENTRY ELEMENTS (KOHA) |
| Source of classification or shelving scheme |
Library of Congress Classification |
| Koha item type |
Book |